Foundation mathematics for computer science : (Record no. 17650)

MARC details
000 -LEADER
fixed length control field 00597nam a2200217 4500
005 - DATE AND TIME OF LATEST TRANSACTION
control field 20221102143211.0
006 - FIXED-LENGTH DATA ELEMENTS--ADDITIONAL MATERIAL CHARACTERISTICS--GENERAL INFORMATION
fixed length control field 000
007 - PHYSICAL DESCRIPTION FIXED FIELD--GENERAL INFORMATION
fixed length control field 000
008 - FIXED-LENGTH DATA ELEMENTS--GENERAL INFORMATION
fixed length control field 000
020 ## - INTERNATIONAL STANDARD BOOK NUMBER
International Standard Book Number 9783030420772
040 ## - CATALOGING SOURCE
Original cataloging agency UOEL
050 ## - LIBRARY OF CONGRESS CALL NUMBER
Classification number QA76.95.M35
Item number .V56 2020
100 ## - MAIN ENTRY--PERSONAL NAME
Personal name By Vince, John
245 ## - TITLE STATEMENT
Title Foundation mathematics for computer science :
Remainder of title A visual approach /
Statement of responsibility, etc By John Vince
250 ## - EDITION STATEMENT
Edition statement 2nd ed.
260 ## - PUBLICATION, DISTRIBUTION, ETC. (IMPRINT)
Place of publication, distribution, etc Switzerland :
Name of publisher, distributor, etc Springer international,
Date of publication, distribution, etc c2020.
300 ## - PHYSICAL DESCRIPTION
Extent xix,407 p. :
Other physical details col. ill.
440 ## - SERIES STATEMENT/ADDED ENTRY--TITLE
Title Foundation mathematics for computer science
650 ## - SUBJECT ADDED ENTRY--TOPICAL TERM
Topical term or geographic name as entry element Computer science
942 ## - ADDED ENTRY ELEMENTS (KOHA)
Source of classification or shelving scheme Library of Congress Classification
Item type BOOK
Holdings
Withdrawn status Lost status Source of classification or shelving scheme Damaged status Not for loan Home library Current library Shelving location Date acquired Source of acquisition Cost, normal purchase price Total Checkouts Full call number Barcode Date last seen Copy number Price effective from Koha item type
    Library of Congress Classification     UOE Main Library UOE Main Library Short Loan Area 02/11/2022 Donation 6400.86   QA76.95.M35 .V56 2020 20159424 27/04/2026 20159424 02/11/2022 Short Loan for 1 day
    Library of Congress Classification     UOE Main Library UOE Main Library Open shelf 02/11/2022 Donation 6400.86   QA76.95.M35 .V56 2020 20159425 27/04/2026 20159425 02/11/2022 Loan - Normal on open shelf